Datos estadísticos del servicio de correos, correspondientes al año de 1859. (Record no. 150910)

MARC details
000 -LEADER
campo de control de longitud fija 00451nam a2200145 i 4500
001 - NÚMERO DE CONTROL
campo de control 150910
003 - IDENTIFICADOR DE NÚMERO DE CONTROL
campo de control ES-MaACL
007 - CAMPO FIJO DE DESCRIPCIÓN FÍSICA--INFORMACIÓN GENERAL
campo de control de longitud fija t|
008 - DATOS DE LONGITUD FIJA--INFORMACIÓN GENERAL
campo de control de longitud fija 071119s1860 sp ||||1| spa d
245 00 - MENCIÓN DEL TÍTULO
Título Datos estadísticos del servicio de correos, correspondientes al año de 1859.
260 ## - PUBLICACIÓN, DISTRIBUCIÓN, ETC.
Lugar de publicación, distribución, etc. Madrid :
Nombre del editor, distribuidor, etc. [s.n.],
Fecha de publicación, distribución, etc. 1860 (
Fabricante Imprenta Nacional)
300 ## - DESCRIPCIÓN FÍSICA
Extensión 51 p. ;
Dimensiones 27 cm.
650 14 - PUNTO DE ACCESO ADICIONAL DE MATERIA--TÉRMINO DE MATERIA
Término de materia o nombre geográfico como elemento de entrada Correos-
Subdivisión geográfica España-
Subdivisión de forma Estadísticas.
9 (RLIN) 11366
852 ## - LOCALIZACIÓN
Ubicación ES-MaACL
Número de control de estantería T-174-F-4
Holdings
Estatus retirado Estado de pérdida Estado de daño No para préstamo Colección Biblioteca de origen Biblioteca actual Ubicación en estantería Fecha de adquisición Fuente de adquisición Total de préstamos Signatura topográfica completa Código de barras Visto por última vez Precio de reemplazo Tipo de ítem Koha
        Colección de folletos Biblioteca del Ateneo de Madrid Biblioteca del Ateneo de Madrid Depósito folletos 17/01/2008     T-174-F-4 1157472 23/02/2023 23/02/2023 Folleto